000 00923nac a22002537a 4500
001 BR6002481
003 BR-BrBNA
005 20240105113037.0
008 230509b bl.|||m| |||| 00| 0 por d
040 _aBR-BrBNA
_bpor
_cBiblioteca Nacional de Agricultura
072 _aE30; C00
090 _aE30 BR6002481
110 1 _aAssociacao Nordestina de Credito e Assistencia Rural do Piaui, Teresina (Brasil)
_9710
245 1 _aPrograma de atividades 1969 [Associacao Nordestina de Credito e Assistencia Rural do Piaui; Brasil]
260 3 _aTeresina, PI (Brasil):
_c1969.
300 _a32 p.
490 _aPrograma de Atividades - Associacao Nordestina de Credito e Assistencia Rural do Piaui (Brazil)
_v
_x
500 _a22 tables; Published 1968?
650 _aDesenvolvimento agricola
650 _aExtensao rural
650 _aPiaui
909 _a202312
_bLúcia Elande
_c55
_dLúcia Elande
942 _2AGRIS
_n0
_cMS
999 _c261578
_d261578